La convención constituyente : su composición, organización y funcionamiento.

Guardado en:
Autor Corporativo: Argentina. Honorable cámara de diputados de la nación. Secretaría parlamentaria. Dirección de información parlamentaria.
Formato: Libro
Idioma:Spanish
Publicado: Buenos Aires : Congreso de la nación, 1994.
Etiquetas: Agregar Etiqueta
Sin Etiquetas, Sea el primero en etiquetar este registro!
LEADER 00576nam a22001455a 4500
001 EEO.bibeco006652
003 AR-BaUEB
005 20110412134609.0
008 080718s1994####ag############000#0#spa#d
245 1 3 |a La convención constituyente :  |b su composición, organización y funcionamiento. 
260 |a Buenos Aires :  |b Congreso de la nación,  |c 1994. 
300 |a 292 p. 
110 2 |a Argentina.  |b Honorable cámara de diputados de la nación.  |b Secretaría parlamentaria.  |b Dirección de información parlamentaria. 
082 0 4 |a 342 
859 |a AR-BaUEB  |b BIB. ECONOMIA - General  |h 342  |i Ar37  |p e09531